000 00498nam a22001457a 4500
999 _c1589
_d1589
008 160407b xxu||||| |||| 00| 0 eng d
020 _a978-971-542-565-0
082 _22008
_aDFil 899.211108
_bL97p
100 _94957
_aLumbera, Bienvenido.
245 _aPoetika/politika:
_btinipong tula/
_cBienvenido Lumbera.
300 _axvii, 89 pages:
_billustrations;
_c26 cm.
650 0 _94958
_aPolitical poetry
_xFilipino.
650 0 _94959
_aPhilippines
_xPolitics and government--Poetry.
942 _2ddc
_cDFIL